| 000 | 00822nam a22003010a 4500 | ||
|---|---|---|---|
| 001 | PT31780 | ||
| 003 | AR-LpoUNG | ||
| 005 | 20210131225853.0 | ||
| 008 | 191001s1993||||ag |||||||||||||||||spa d | ||
| 020 |
_a9879964004 _c$18.50 |
||
| 040 |
_aAR-LpoUNG _bspa _cAR-LpoUNG _eaacr |
||
| 041 | _aspa | ||
| 044 | _aag | ||
| 082 | 0 | _a982.063 582fro | |
| 100 | 1 | _aDi Mario, Ricardo | |
| 245 | 1 | 0 |
_aFrondizi, el golpe final : _bapuntes para conocer la historia del derrocamiento |
| 260 |
_aBuenos Aires : _bCírculo XXI, _c1993. |
||
| 300 |
_a96 p. : _btbls., gráfs. |
||
| 650 | 4 | _aANALISIS HISTORICO | |
| 650 | 4 | _aARGENTINA | |
| 650 | 4 | _aFUERZAS ARMADAS | |
| 650 | 4 | _aGOBIERNO MILITAR | |
| 650 | 4 | _aGOLPES DE ESTADO | |
| 650 | 4 | _aHISTORIA POLITICA | |
| 650 | 4 | _aPOLITICA EXTERIOR | |
| 905 | _a31780 | ||
| 942 | _cLIB | ||
| 999 |
_c266 _d266 |
||